| 000 | 01397cab a2200229 4500 | ||
|---|---|---|---|
| 001 | X91440 | ||
| 008 | 090401t1998 xxu||||| |||| 00| 0 eng d | ||
| 035 | _a(Sirsi) u85919 | ||
| 041 | _aeng | ||
| 245 | _aKirklees MC v Ramfield Plc | ||
| 260 | _c1998 | ||
| 350 | _a0 | ||
| 490 |
_aPlanning Appeal Decisions _v(1998) 13 PAD 182-191(10) |
||
| 520 | _aNon-food retail warehousing - 8,593 sq m. - 4.17ha site - car parking and access works - changes to road network - vacant buildings used for manufacturing - loss from business and industrial use - operative structure and local plans - employment priority area - replacement revised policy as to range of goods - emerging unitary development plan - district`s employment needs - retail policy issues - site adjoining existing large retail park - retail impact assessment - PPGs 6 and 23 - cumulative effects of various retail developments - flexibility in format of development - section 106 undertaking - supply of land for business and industrial development - not such short supply as to need safeguarding - re-occupation of existing buidings - B8 distribution use not realistic - conditions. HEADNOTE. | ||
| 650 | _aKIRKLEES MC V RAMFIELD PLC | ||
| 650 | _aPPG23 | ||
| 650 | _aPLANNING POLICY GUIDANCE NOTE SIX | ||
| 650 | _aRETAIL WAREHOUSING | ||
| 690 | _aPLANNING LAW AND PRACTICE-CASE LAW | ||
| 942 | _n0 | ||
| 948 | _c30/04/1998 | ||
| 999 |
_c54049 _d54049 |
||